[Event "ECh-u20 Girls"]
[Site "Aviles ESP"]
[Date "2000.08.17"]
[Round "2"]
[White "Sanchez Martin,V"]
[Black "Iwaniuk,D"]
[Result "0-1"]
[WhiteElo "2039"]
[BlackElo "2220"]

1.e4 c5 2.Nf3 d6 3.d4 cxd4 4.Nxd4 Nf6 5.Nc3 a6 6.Be3 e5 7.Nb3 Be6 8.f3 h5
9.Qd2 Nbd7 10.O-O-O Be7 11.Kb1 Rc8 12.Nd5 Bxd5 13.exd5 Nb6 14.Bxb6 Qxb6 15.c4 Nd7
16.Bd3 g6 17.Rc1 Kf8 18.g4 hxg4 19.fxg4 Kg7 20.Rcf1 Rh3 21.Rhg1 Qe3 22.Qxe3 Rxe3
23.Rd1 e4 24.Bf1 Ne5 25.Nd2 Bg5 26.b3 Rh8 27.h3 Nf3 28.Nxf3 exf3 29.b4 f2
30.Rh1 Re1 31.Bg2 Rxh1 32.Rxh1 Rc8 33.c5 dxc5 34.bxc5 Rxc5 35.d6 Re5 36.Rd1 Re1
37.Kc2 Re2+ 38.Kb3 b5 39.d7 Bd8 40.Bf1 Re1 41.Kc2 Kf6 42.a4 bxa4 43.Bxa6 a3
44.Kd2 Rxd1+  0-1

[Event "IV Taca Brasilia CC"]
[Site "Brasilia BRA"]
[Date "2000.08.18"]
[Round "2"]
[White "Coelho,L"]
[Black "Reis,E"]
[Result "1-0"]
[WhiteElo "2164"]
[BlackElo "2025"]

1.e4 c5 2.Nf3 d6 3.d4 cxd4 4.Nxd4 Nf6 5.Nc3 a6 6.Be3 e5 7.Nb3 Be7 8.f3 Be6
9.Qd2 Nbd7 10.g4 b5 11.g5 b4 12.Ne2 Nh5 13.Ng3 Nf4 14.h4 a5 15.Nd4 exd4 16.Bxf4 Ne5
17.Be2 Qb6 18.Nf5 Bxf5 19.exf5 Rc8 20.O-O-O Qc5 21.Rhg1 d3 22.Bxd3 Nxf3 23.Qg2 Nxg1
24.Rxg1 Qd4 25.Bb5+ Kf8 26.Qg3 h6 27.f6 Bxf6 28.gxf6 Qxf6 29.Bxd6+ Kg8 30.Be5 Qg6
31.Qxg6 fxg6 32.Rxg6 Rh7 33.Ba6 Kf7 34.Rb6 Rc5 35.Bd3 Rxe5 36.Bxh7 Re1+ 37.Kd2 Rh1
38.h5 Rh2+ 39.Ke3  1-0

[Event "ECh-u20 Girls"]
[Site "Aviles ESP"]
[Date "2000.08.19"]
[Round "4"]
[White "Ionica,I"]
[Black "Paehtz,E"]
[Result "1/2-1/2"]
[WhiteElo "2160"]
[BlackElo "2343"]

1.e4 c5 2.Nf3 d6 3.d4 cxd4 4.Nxd4 Nf6 5.Nc3 a6 6.Be3 e5 7.Nb3 Be6 8.Qe2 Nbd7
9.O-O-O b5 10.f3 Nb6 11.Bxb6 Qxb6 12.Nd5 Qd8 13.g4 Be7 14.h4 O-O 15.Bh3 Bxd5
16.exd5 Qc7 17.f4 Qc4 18.Qxc4 bxc4 19.Na5 c3 20.Nc6 cxb2+ 21.Kxb2 Bd8 22.fxe5 Ne4
23.Rd4 Nf2 24.Rh2 dxe5 25.Nxe5 Bb6 26.Ra4 Rfb8 27.Kc3 Re8 28.Nd3 Ne4+ 29.Kb2 Rab8
30.Rb4 a5 31.Rb3 a4 32.Rb4 Bd4+ 33.Ka3 Nc3 34.g5 Bg1 35.Rg2 Rxb4 36.Kxb4 Nxd5+
37.Kxa4 Bd4 38.Rg4 Bc3 39.Bg2 Ne3 40.Re4 Ra8+ 41.Kb3 Bd2 42.Bh3 Rb8+ 43.Nb4 Nxc2
44.Kxc2 Bxb4 45.a4 g6 46.Bd7 Kg7 47.Bb5 Ba5 48.Kb3 Rc8 49.Bc4 Rb8+ 50.Bb5 Rc8  1/2-1/2

[Event "Paul Keres mem"]
[Site "Tallinn EST"]
[Date "2000.08.19"]
[Round "6"]
[White "Kulaots,K"]
[Black "Timoshenko,G"]
[Result "1/2-1/2"]
[WhiteElo "2491"]
[BlackElo "2557"]

1.e4 c5 2.Nf3 d6 3.d4 cxd4 4.Nxd4 Nf6 5.Nc3 a6 6.Be3 Ng4 7.Bg5 h6 8.Bh4 g5
9.Bg3 Bg7 10.h3 Ne5 11.Nf5 Bxf5 12.exf5 Nbd7 13.Nd5 Nb6  1/2-1/2

[Event "ch-FRA Pool B"]
[Site "Vichy FRA"]
[Date "2000.08.19"]
[Round "3"]
[White "Fontaine,R"]
[Black "Fressinet,L"]
[Result "1/2-1/2"]
[WhiteElo "2449"]
[BlackElo "2536"]

1.e4 c5 2.Nf3 d6 3.d4 cxd4 4.Nxd4 Nf6 5.Nc3 a6 6.Be3 Ng4 7.Bg5 h6 8.Bh4 g5
9.Bg3 Bg7 10.h3 Ne5 11.Nf5 Bxf5 12.exf5 Qa5 13.Qd5 Nbc6 14.Qxa5 Nxa5 15.Nd5 Rc8
16.O-O-O e6 17.f6 Bf8 18.Bxe5 dxe5 19.Nc3 Nc4 20.Bxc4 Rxc4 21.f3 Rd4 22.Ne4 Rd5
23.c3 Kd7 24.Kc2 Kc6 25.c4 Rd4 26.Kc3 Bc5 27.Nxc5 Kxc5 28.b4+ Kc6 29.Rxd4 exd4+
30.Kxd4 Rd8+ 31.Kc3 Rg8 32.Kd4 Rd8+ 33.Ke3 e5 34.h4 Rd6 35.hxg5 hxg5 36.Ke4 Rxf6
37.Kxe5 Rf4 38.Rh6+ Kc7 39.Rf6 Rxc4 40.Rxf7+ Kc6 41.a3 Rc3 42.Kf5 Rxa3 43.Kxg5 Rb3
44.Rf4 Kb5 45.g4 b6 46.Kf6 a5 47.bxa5 bxa5 48.g5 a4 49.g6 a3 50.g7 a2 51.g8=Q a1=Q+
52.Kg6 Qg1+ 53.Rg4 Qb1+ 54.Kg5 Qc1+ 55.f4 Rb4 56.Qb8+ Ka5 57.Qa7+ Kb5 58.Qb7+ Ka5
59.Qa7+ Kb5 60.Qd7+ Ka5 61.Qd8+ Ka4 62.Qa8+ Kb5 63.Qd5+ Ka6  1/2-1/2

[Event "XVIII Rapidplay Open"]
[Site "Villarrobledo ESP"]
[Date "2000.08.19"]
[Round "2"]
[White "Barria,D"]
[Black "Ljubojevic,L"]
[Result "0-1"]
[WhiteElo "2326"]
[BlackElo "2559"]

1.e4 c5 2.Nf3 d6 3.d4 cxd4 4.Nxd4 Nf6 5.Nc3 a6 6.Be3 Nc6 7.f3 e6 8.Qd2 Be7
9.O-O-O h5 10.g3 Bd7 11.h3 b5 12.Kb1 Rb8 13.Bg2 Na5 14.b3 Bc8 15.g4 Bb7 16.g5 Nd7
17.g6 Nf6 18.h4 Nc6 19.Nce2 Nxd4 20.Nxd4 Nd7 21.Bh3 Nf8 22.Rhg1 Bxh4 23.Qg2 Bf6
24.gxf7+ Kxf7 25.Bxe6+ Nxe6 26.Qg6+ Ke7 27.Nf5+ Kf8 28.Rxd6 Qe8 29.Rxe6 Qxg6
30.Rxg6 Rh7 31.Bc5+ Kf7 32.Rgxf6+ gxf6 33.Rb6 Kg6 34.Bd6 Re8 35.Bg3 Bc8 36.Nh4+ Kf7
37.Bf2 Re6 38.Rb8 Rc6 39.Bd4 Rg7 40.Kc1 Rg3 41.Kd2 Rh3  0-1

[Event "Paul Keres mem"]
[Site "Tallinn EST"]
[Date "2000.08.20"]
[Round "7"]
[White "Yemelin,V"]
[Black "Shishkov,A"]
[Result "1-0"]
[WhiteElo "2510"]
[BlackElo "2339"]

1.e4 c5 2.Nf3 d6 3.d4 cxd4 4.Nxd4 Nf6 5.Nc3 a6 6.Be3 e6 7.Be2 Qc7 8.a4 b6
9.f4 Nbd7 10.O-O Bb7 11.Bf3 Be7 12.Qe1 g6 13.Rd1 e5 14.fxe5 dxe5 15.Nd5 Nxd5
16.exd5 O-O 17.Nf5 gxf5 18.d6 Bxd6 19.Bxb7 Qxb7 20.Rxd6 f4 21.Qh4 fxe3 22.Rf3 e2
23.Kf2 f5 24.Rg3+ Kh8 25.Qe7 e1=Q+ 26.Kxe1  1-0

[Event "Open"]
[Site "Polanica Zdroj POL"]
[Date "2000.08.21"]
[Round "5"]
[White "Mamedov,N"]
[Black "Jaracz,P"]
[Result "1-0"]
[WhiteElo "2403"]
[BlackElo "2511"]

1.e4 c5 2.Nf3 d6 3.d4 cxd4 4.Nxd4 Nf6 5.Nc3 a6 6.Be3 e5 7.Nb3 Be6 8.f3 Nbd7
9.Qd2 Be7 10.g4 h6 11.O-O-O b5 12.h4 Nb6 13.Qf2 Nfd7 14.Nd5 Bxd5 15.exd5 Qc7
16.Kb1 Nc4 17.Bc1 Qb6 18.Qe1 a5 19.c3 O-O 20.g5 h5 21.Bh3 Ra7 22.g6 f5 23.Nd4 exd4
24.Qe6+ Kh8 25.Qxe7 dxc3 26.Bh6 Rg8 27.Bxg7+ Rxg7 28.Qe8+ Rg8 29.g7+ Kxg7
30.Rhg1+ Kh6 31.Qe6+  1-0

[Event "ECh-u20 Girls"]
[Site "Aviles ESP"]
[Date "2000.08.23"]
[Round "7"]
[White "Sanchez Martin,V"]
[Black "Gomez Cabrero L.,M"]
[Result "0-1"]
[WhiteElo "2039"]
[BlackElo "2118"]

1.e4 c5 2.Nf3 d6 3.d4 cxd4 4.Nxd4 Nf6 5.Nc3 a6 6.Be3 e6 7.Be2 Qc7 8.O-O b5
9.a3 Bb7 10.Bf3 Nbd7 11.Bg5 Be7 12.Bxf6 Nxf6 13.g3 O-O 14.Bg2 Rfd8 15.Qe2 Rac8
16.Kh1 Qc4 17.Qd2 d5 18.e5 Ne4 19.Nxe4 dxe4 20.c3 f6 21.Qf4 f5 22.f3 exf3
23.Bxf3 Bxf3+ 24.Rxf3 Qd5 25.h3 g5 26.Qe3 g4 27.Qh6 gxf3 28.Nxe6 f2+ 29.Kh2 f1=N+
30.Kg1 Bc5+  0-1

[Event "Open"]
[Site "Polanica Zdroj POL"]
[Date "2000.08.23"]
[Round "6"]
[White "Fedorchuk,S"]
[Black "Kuzmin,G"]
[Result "1/2-1/2"]
[WhiteElo "2408"]
[BlackElo "2528"]

1.e4 c5 2.Nf3 d6 3.d4 cxd4 4.Nxd4 Nf6 5.Nc3 a6 6.Be3 e5 7.Nb3 Be6 8.Qd2 Nbd7
9.f3 h5 10.a4 Rc8 11.a5 Qc7 12.Be2 Be7 13.O-O O-O 14.Rfd1 Rfd8 15.Qe1 Qc6
16.Bg5 d5 17.Nxd5 Bxd5 18.exd5 Nxd5 19.Bxe7 Nxe7 20.Bd3 Qc7 21.Ra4 Nf6 22.Rc4 Nc6
23.Qe3 Rd5 24.Re1 Qb8 25.Rc5 Rcd8 26.Qf2 Nb4 27.Rxd5 Nbxd5 28.Nd2 Qc7 29.Nc4 Nb4
30.Nxe5 Nxd3 31.Nxd3 Qxa5 32.Qc5 Qxc5+ 33.Nxc5 Rd2 34.Rc1 Nd5 35.Ne4 Re2
36.Ng3 Re5 37.Kf2 Nb4 38.Kf1 Rb5 39.Ne2 Nc6 40.b3 Rd5 41.Nf4 Rf5 42.Nd3 h4
43.Kf2 g5 44.Re1  1/2-1/2

[Event "ch-FRA Basse"]
[Site "Vichy FRA"]
[Date "2000.08.23"]
[Round "8"]
[White "Apicella,M"]
[Black "Guidarelli,L"]
[Result "1-0"]
[WhiteElo "2506"]
[BlackElo "2297"]

1.e4 c5 2.Nf3 d6 3.d4 cxd4 4.Nxd4 Nf6 5.Nc3 a6 6.Be3 e5 7.Nb3 Be6 8.f3 h5
9.Qd2 Nbd7 10.Nd5 Nxd5 11.exd5 Bf5 12.Na5 Qc7 13.c4 Be7 14.Be2 O-O 15.O-O Bg6
16.b4 f5 17.Rfd1 f4 18.Bf2 e4 19.fxe4 Bxe4 20.Bxh5 Ne5 21.Bd4 Rf5 22.Bxe5 Rxe5
23.Bg4 Bg5 24.Qc3 Rf8 25.Qh3 Bh6 26.c5 f3 27.gxf3 Bf5 28.Nc4 Bxg4 29.fxg4 Rg5
30.Qg3 Qd7 31.h3 dxc5 32.d6 b5 33.Ne5 Qa7 34.Nc6 Qb6 35.d7 c4+ 36.Kh2 Rf2+
37.Kh1 Qxc6+ 38.Kg1 Rf8 39.d8=Q Rxd8 40.Rxd8+ Kh7 41.Qb8 Rd5 42.Rh8+ Kg6
43.Re1 Rd2 44.Rxh6+  1-0

[Event "IV Taca Brasilia CC"]
[Site "Brasilia BRA"]
[Date "2000.08.24"]
[Round "8"]
[White "Coelho,L"]
[Black "Gonzalez,Bo"]
[Result "1-0"]
[WhiteElo "2164"]
[BlackElo "2246"]

1.e4 c5 2.Nf3 d6 3.d4 cxd4 4.Nxd4 Nf6 5.Nc3 a6 6.Be3 e5 7.Nb3 Be7 8.f3 Be6
9.Qd2 Nbd7 10.g4 h6 11.O-O-O b5 12.h4 Nb6 13.Qf2 Nfd7 14.Kb1 Nc4 15.Bxc4 bxc4
16.Nc1 Rb8 17.N1e2 Qa5 18.Ka1 O-O 19.Qe1 Qb4 20.Rb1 Qb7 21.Qd2 Nb6 22.Ng3 Rfd8
23.g5 h5 24.Nxh5 d5 25.Nf6+ gxf6 26.gxf6 Bxf6 27.Bxb6 Qxb6 28.Qh6 Bg7 29.Rhg1 Bg4
30.Qxb6 Rxb6 31.Rxg4 dxe4 32.fxe4 Rg6 33.Rxg6 fxg6 34.Nd5 Rf8 35.b3 cxb3
36.axb3 Rf2 37.Kb2 Rh2 38.b4 Rxh4 39.Re1 Kf7 40.Kb3 g5 41.Ka4 g4 42.Ka5 Rh6
43.Rg1 Rg6 44.c4 Bh6 45.c5 g3 46.c6 Bf4 47.Kb6 g2 48.Kb7 Bh2 49.Rxg2 Rxg2
50.c7 Rg8 51.c8=Q Rxc8 52.Kxc8 Ke6 53.Kb7 Kd7 54.Kxa6 Kc8 55.Kb6 Bg1+ 56.Kc6 Kb8
57.Ne7 Bd4 58.Ng6 Ka8 59.Kd6 Kb7 60.Nxe5 Kb6 61.Nd3 Kb5 62.e5 Kc4 63.e6 Kxd3
64.e7 Bc3 65.Kc5  1-0

[Event "Open"]
[Site "Polanica Zdroj POL"]
[Date "2000.08.24"]
[Round "7"]
[White "Fedorchuk,S"]
[Black "Kempinski,R"]
[Result "1-0"]
[WhiteElo "2408"]
[BlackElo "2498"]

1.e4 c5 2.Nf3 d6 3.d4 cxd4 4.Nxd4 Nf6 5.Nc3 a6 6.Be3 Ng4 7.Bg5 h6 8.Bh4 g5
9.Be2 Bg7 10.Bg3 h5 11.Bxg4 Bxg4 12.f3 Bd7 13.O-O Nc6 14.Bf2 e6 15.Nde2 Qe7
16.a4 Ne5 17.Bd4 Rd8 18.Kh1 Rh7 19.b3 Bc6 20.b4 d5 21.exd5 Bxd5 22.Nxd5 Rxd5
23.c4 Rd7 24.Qc2 f5 25.c5 h4 26.h3 g4 27.fxg4 Nxg4 28.Bxg7 Ne3 29.Qc3 Nd5
30.Qe5 Rxg7 31.Nd4 Kf7 32.Rae1 Rg6 33.Nxf5  1-0

[Event "ECh-u20 Girls"]
[Site "Aviles ESP"]
[Date "2000.08.25"]
[Round "9"]
[White "Rodriguez Vinuesa,A"]
[Black "Gomez Cabrero L.,M"]
[Result "0-1"]
[WhiteElo "2121"]
[BlackElo "2118"]

1.e4 c5 2.Nf3 d6 3.d4 Nf6 4.Nc3 cxd4 5.Nxd4 a6 6.Be3 e6 7.g4 b5 8.g5 Nfd7
9.Bg2 Bb7 10.a3 Nb6 11.Qg4 N8d7 12.Rd1 Rc8 13.O-O Nc4 14.Bc1 Nxa3 15.bxa3 Rxc3
16.Bb2 Rc8 17.f4 Qc7 18.Rf2 Be7 19.Qh5 g6 20.Qh3 e5 21.fxe5 Nxe5 22.Nf3 O-O
23.Nxe5 dxe5 24.Rd7 Qc5 25.Rxb7 Bxg5 26.Kf1 Rcd8 27.Qf3 Qc6 28.Ra7 Qc5 29.Rb7 Qc6
30.Ra7 Qc5 31.Rxa6 b4 32.Bh3 Be3 33.axb4 Qc4+ 34.Qe2 Rd1+ 35.Kg2 Qxe4+ 36.Qf3 Rg1+
37.Kxg1 Qxf3  0-1

[Event "ch-NED Women"]
[Site "Rotterdam NED"]
[Date "2000.08.25"]
[Round "4"]
[White "Slingerland,C"]
[Black "Peng Zhaoqin"]
[Result "0-1"]
[WhiteElo "2096"]
[BlackElo "2403"]

1.e4 c5 2.Nf3 d6 3.d4 cxd4 4.Nxd4 Nf6 5.Nc3 a6 6.Be3 e5 7.Nb3 Be6 8.f3 b5
9.Qd2 Nbd7 10.g4 Nb6 11.Bxb6 Qxb6 12.O-O-O Be7 13.Nd5 Nxd5 14.exd5 Bd7 15.Bd3 a5
16.Kb1 a4 17.Nc1 b4 18.Be4 O-O 19.Rhg1 Rfc8 20.g5 g6 21.h4 b3 22.cxb3 axb3
23.a3 Ra4 24.Ne2 Rc2 25.Qe1 Qc5 26.Nc3 Rxb2+  0-1

[Event "ECh-u20 Girls"]
[Site "Aviles ESP"]
[Date "2000.08.27"]
[Round "11"]
[White "Iwaniuk,D"]
[Black "Khukhashvili,S"]
[Result "0-1"]
[WhiteElo "2220"]
[BlackElo "2272"]

1.e4 c5 2.Nf3 d6 3.d4 cxd4 4.Nxd4 Nf6 5.Nc3 a6 6.Be3 e5 7.Nb3 Be6 8.f3 Be7
9.Qd2 Nbd7 10.g4 Qc7 11.g5 Nh5 12.O-O-O Rc8 13.Kb1 b5 14.Nd5 Bxd5 15.exd5 Nb6
16.Bxb6 Qxb6 17.Bd3 Nf4 18.h4 g6 19.Be4 h6 20.Na5 hxg5 21.hxg5 Kd7 22.Nc6 Bxg5
23.c3 Bh4 24.Qc2 Rcf8 25.Bf5+ gxf5 26.Qxf5+ Kc7 27.Nxe5 dxe5 28.d6+ Kb7 29.Qxe5 Ng6
30.Qf5 Bd8 31.Rhe1 Kb8 32.a4 Qf2 33.Qd5 Nf4 34.Qb3 Rh5 35.d7 Ne6 36.Rf1 Qe2
37.Qb4 Rc5 38.f4 a5 39.Qa3 Qe4+ 40.Ka1 Qxa4 41.Qxa4 bxa4 42.f5 Ng7 43.Rde1 Kc7
44.f6 Ne6 45.Rd1 Rh8 46.Ka2 Rhh5 47.Ka3 Rcd5 48.Kxa4 Nc5+ 49.Kxa5 Nd3+  0-1

[Event "Open"]
[Site "Kiel GER"]
[Date "2000.08.27"]
[Round "9"]
[White "Schramm,B"]
[Black "Baramidze,D"]
[Result "0-1"]
[WhiteElo "2148"]
[BlackElo "2242"]

1.e4 c5 2.Nf3 d6 3.d4 cxd4 4.Nxd4 Nf6 5.Nc3 a6 6.Be3 e6 7.g4 e5 8.Nf5 g6
9.g5 gxf5 10.exf5 d5 11.gxf6 d4 12.Bc4 Qc7 13.Qd3 dxe3 14.O-O-O Nc6 15.fxe3 Nb4
16.Qe4 Bd7 17.Rhg1 O-O-O 18.Bxf7 Bc5 19.Be6 Qb6 20.Rxd7 Rxd7 21.Rg7 Rd8 22.a3 Bxe3+
23.Kb1 Qxe6 24.Rxd7 Qxd7 25.axb4 Bd4  0-1

[Event "ch-HUN KO"]
[Site "Budapest HUN"]
[Date "2000.08.28"]
[Round "1.1"]
[White "Erdelyi,Z"]
[Black "Nadassy,A"]
[Result "1-0"]
[WhiteElo "2207"]
[BlackElo "2066"]

1.e4 c5 2.Nf3 d6 3.d4 cxd4 4.Nxd4 Nf6 5.Nc3 a6 6.Be3 e5 7.Nb3 Be7 8.f3 O-O
9.Qd2 b5 10.O-O-O Be6 11.g4 b4 12.Nd5 Bxd5 13.exd5 a5 14.Kb1 a4 15.Nc1 Qa5
16.h4 Rc8 17.h5 b3 18.cxb3 axb3 19.Qxa5 Rxa5 20.Nxb3 Rxd5 21.Be2 Rxd1+ 22.Rxd1 Nbd7
23.a4 h6 24.a5 d5 25.a6 d4 26.Rc1 Rxc1+ 27.Bxc1 Nd5 28.a7 N7b6 29.Bb5 Bb4
30.Bc6 Nc7 31.Bd2 Bxd2 32.Nxd2 Kf8 33.b3 Ke7 34.Nc4 Nba8 35.b4 f6 36.b5 Nxb5
37.Bxb5 Ke6 38.Bc6 Nc7 39.Na3  1-0

[Event "Open"]
[Site "Abudhabi UAE"]
[Date "2000.08.29"]
[Round "4"]
[White "Khachian,M"]
[Black "Magerramov,E"]
[Result "1-0"]
[WhiteElo "2462"]
[BlackElo "2568"]

1.e4 c5 2.Nf3 d6 3.d4 cxd4 4.Nxd4 Nf6 5.Nc3 a6 6.Be3 e5 7.Nb3 Be6 8.Qd2 Nbd7
9.f3 h5 10.O-O-O Rc8 11.Kb1 Qc7 12.Qf2 g6 13.g3 b5 14.h4 Rb8 15.Bh3 b4 16.Nd5 Bxd5
17.exd5 Bg7 18.g4 Rb5 19.gxh5 Rxh5 20.Bf1 Rxd5 21.Bxa6 Qc6 22.Bd3 Qa4 23.Rde1 e4
24.fxe4 Ra5 25.Nxa5 Rxa5 26.Bc4 Ne5 27.Bb3 Qc6 28.Bd4 Nxe4 29.Bxf7+ Kd7 30.Qf4 d5
31.Bxe5 b3 32.cxb3 Bxe5 33.Be8+  1-0

[Event "Open"]
[Site "Abudhabi UAE"]
[Date "2000.08.30"]
[Round "5"]
[White "Saltaev,M"]
[Black "Roeder,M"]
[Result "1-0"]
[WhiteElo "2475"]
[BlackElo "2467"]

1.e4 c5 2.Nf3 d6 3.d4 cxd4 4.Nxd4 Nf6 5.Nc3 a6 6.Be3 e5 7.Nb3 Be7 8.f3 Be6
9.Qd2 O-O 10.Be2 Nbd7 11.Nd5 Bxd5 12.exd5 a5 13.a4 Qc7 14.c4 Nc5 15.Nxc5 dxc5
16.Qc2 Nh5 17.Bd3 g6 18.O-O-O Nf4 19.Bf1 f5 20.Kb1 Bd6 21.g3 Nh5 22.Bd2 Rae8
23.Bd3 Nf6 24.Rde1 Qd7 25.Bc3 b6 26.Re2 e4 27.fxe4 fxe4 28.Bxe4 Nxe4 29.Rxe4 Rxe4
30.Qxe4 Re8 31.Qc2 Qg4 32.Re1 Rxe1+ 33.Bxe1 Be5 34.Ka2 Qf3 35.Bc3 Bd4 36.Qd2 Qe4
37.Kb3 Kg7 38.Qe1 Qd3 39.g4 Kf7 40.g5 Kf8 41.Qd2 Qe4 42.Ka2 Kf7 43.Qe1 Qd3
44.Qe6+ Kf8 45.d6 Bxc3 46.d7 Bxb2 47.Qe8+ Kg7 48.Qe7+  1-0

[Event "ch-HUN KO"]
[Site "Budapest HUN"]
[Date "2000.08.30"]
[Round "2.1"]
[White "Madl,I"]
[Black "Seres,B"]
[Result "1-0"]
[WhiteElo "2418"]
[BlackElo "2273"]

1.e4 c5 2.Nf3 d6 3.d4 cxd4 4.Nxd4 Nf6 5.Nc3 a6 6.Be3 e6 7.g4 h6 8.Bg2 Be7
9.h3 Qc7 10.O-O Nc6 11.f4 Nxd4 12.Qxd4 e5 13.Qd2 Be6 14.a4 exf4 15.Bxf4 Nd7
16.Nd5 Bxd5 17.exd5 Ne5 18.b3 Ng6 19.Be3 O-O 20.c4 Rab8 21.a5 Rbe8 22.Qc3 Ne5
23.Bd4 Bg5 24.Rae1 Bh4 25.Rd1 f6 26.c5 dxc5 27.Qxc5 Qd7 28.d6 Nc6 29.Qf5 Qxf5
30.gxf5 Nxd4 31.Rxd4 Bg5 32.Kh1 Rb8 33.d7 Rfd8 34.Re1 h5 35.Bf3 h4 36.Bh5 Kf8
37.Bg6 Ra8 38.Rde4  1-0

[Event "ch-HUN KO"]
[Site "Budapest HUN"]
[Date "2000.08.30"]
[Round "2.1"]
[White "Medvegy,Z"]
[Black "Vajda,S"]
[Result "1-0"]
[WhiteElo "2428"]
[BlackElo "2282"]

1.e4 c5 2.Nf3 d6 3.d4 Nf6 4.Nc3 cxd4 5.Nxd4 a6 6.Be3 e5 7.Nf3 h6 8.Bc4 Be6
9.Qd3 Qc7 10.Nd5 Bxd5 11.Bxd5 Nxd5 12.Qxd5 Nd7 13.Qd3 Rc8 14.O-O-O Be7 15.Kb1 b5
16.g4 Qc4 17.b3 Qxd3 18.cxd3 O-O 19.Rc1 Rfe8 20.h4 Bf8 21.Rxc8 Rxc8 22.Rc1 Rxc1+
23.Kxc1 Nf6 24.Nh2 h5 25.f3 hxg4 26.fxg4 Nd7 27.Kc2 Be7 28.h5 g6 29.hxg6 fxg6
30.Kc3 d5 31.exd5 Nf6 32.d4 Nxd5+ 33.Kd2 exd4 34.Bxd4 Bg5+ 35.Ke2 Kf7 36.Nf3 Bf4
37.Kd3 Ke6 38.Ke4 Bc1 39.Nh4 g5 40.Nf5 Nb4 41.a4 bxa4 42.bxa4 Nc6 43.Bc3 Bf4
44.Bd4 Nd8 45.Bc5 Nf7 46.Ng7+ Kd7 47.Nh5 Bc1 48.Kd5 Bb2 49.Bf8 Bc3 50.Ng3 Ke8
51.Bc5 Nh6 52.Ne4 Bb2 53.Nf2 Kd7 54.Bf8 Ng8 55.Ne4 Ke8 56.Bc5 Nh6 57.Ke6 Kd8
58.Nf2 Kc8 59.Bf8 Bd4 60.Bxh6 Bxf2 61.Bxg5 Kb7 62.Bf4 Bh4 63.Be5 Kc6 64.Bf6 Be1
65.g5 Bd2 66.g6 Bh6 67.Kf7  1-0

[Event "Golombek Mem"]
[Site "Paignton ENG"]
[Date "2000.09.03"]
[Round "1"]
[White "Naumann,A"]
[Black "Bischoff,K"]
[Result "0-1"]
[WhiteElo "2489"]
[BlackElo "2556"]

1.e4 c5 2.Nf3 d6 3.d4 cxd4 4.Nxd4 Nf6 5.Nc3 a6 6.Be3 e5 7.Nb3 Be6 8.f3 Nbd7
9.g4 Nb6 10.Qd2 Be7 11.O-O-O O-O 12.h4 Rc8 13.Kb1 Qc7 14.Qf2 Nc4 15.Bxc4 Qxc4
16.h5 Ne8 17.Bb6 Qc6 18.Na5 Qd7 19.Nd5 Bg5 20.c4 f6 21.Rd3 g6 22.hxg6 hxg6
23.Be3 Bxd5 24.Rxd5 Nc7 25.Rd3 Ne6 26.Bxg5 Nxg5 27.Qb6 Qc7 28.Rxd6 Nxf3 29.Rxf6 Nd2+
30.Kc2 Qxb6 31.Rxb6 Rf2 32.Kd3 Rd8+ 33.Ke3 Rf3+ 34.Ke2 Rdd3 35.Rxg6+ Kf7
36.Rgh6 Rfe3+ 37.Kd1 Nxc4+ 38.Kc2 Nxa5 39.g5 Nc6 40.Rf6+ Kg7  0-1

[Event "chT-POL"]
[Site "Zakopane chT"]
[Date "2000.09.05"]
[Round "4"]
[White "Szelag,M"]
[Black "Jaracz,P"]
[Result "1-0"]
[WhiteElo "2436"]
[BlackElo "2511"]

1.e4 c5 2.Nf3 d6 3.d4 cxd4 4.Nxd4 Nf6 5.Nc3 a6 6.Be3 e6 7.Be2 Be7 8.f4 Qc7
9.O-O Nc6 10.Kh1 O-O 11.Qe1 Nxd4 12.Bxd4 b5 13.a3 Bb7 14.Qg3 Bc6 15.Rae1 Qb7
16.Bd3 b4 17.Nd1 bxa3 18.bxa3 Rac8 19.Nc3 g6 20.f5 e5 21.Be3 Nxe4 22.Nxe4 Bxe4
23.Bxe4 Qxe4 24.Bg5 Qb7 25.Rb1 Qd7 26.Bxe7 Qxe7 27.f6 Qc7 28.Qg5 Kh8 29.Rb4 e4
30.Rxe4  1-0

[Event "chT-POL"]
[Site "Zakopane chT"]
[Date "2000.09.06"]
[Round "5"]
[White "Dubiel,J"]
[Black "Jakubowski,T"]
[Result "1-0"]
[WhiteElo "2359"]
[BlackElo "2311"]

1.e4 c5 2.Nf3 d6 3.d4 cxd4 4.Nxd4 Nf6 5.Nc3 a6 6.Be3 e5 7.Nb3 Be6 8.f3 h5
9.Qd2 Nbd7 10.O-O-O Rc8 11.h3 b5 12.Kb1 Qc7 13.f4 Be7 14.Bd3 Nb6 15.Bxb6 Qxb6
16.g4 b4 17.Nd5 Nxd5 18.exd5 Bxd5 19.Bxa6 Bxh1 20.Bxc8 Bf3 21.Re1 O-O 22.Bf5 g6
23.Qd3 Bh4 24.Rc1 Qc6 25.Bd7 Qb7 26.gxh5 e4 27.Qxd6 e3 28.hxg6 e2 29.gxf7+ Rxf7
30.Rg1+ Bg2 31.Qg6+ Rg7 32.Qe8+ Kh7 33.Bf5+ Kh6 34.Qh8+ Rh7 35.Bxh7 Qxh7
36.Qf8+ Kh5 37.Qc5+ Kh6 38.Qd6+ Kh5 39.Qe5+ Kh6 40.Qe6+  1-0

[Event "chT-POL"]
[Site "Zakopane chT"]
[Date "2000.09.06"]
[Round "5"]
[White "Kaminski,M"]
[Black "Szelag,M"]
[Result "1-0"]
[WhiteElo "2498"]
[BlackElo "2436"]

1.e4 c5 2.Nf3 d6 3.d4 cxd4 4.Nxd4 Nf6 5.Nc3 a6 6.Be3 e5 7.Nb3 Be6 8.f4 Ng4
9.Bd2 Qb6 10.Qf3 exf4 11.Qxf4 Nd7 12.h3 Nge5 13.O-O-O Be7 14.Be3 Qc7 15.Nd4 O-O
16.Nf5 Bf6 17.g4 Nc4 18.Bxc4 Be5 19.Qg5 Qxc4 20.Bd4 Bxf5 21.Bxe5 Nxe5 22.gxf5 f6
23.Qg2 Rad8 24.Kb1 Rd7 25.Rhg1 Kh8 26.Rxd6 Rff7 27.Rxd7 Rxd7 28.Nd5 Qd4 29.Re1 Nc4
30.c3 Qd3+ 31.Kc1 b5 32.Nf4 Qd6 33.Nd5 Qe5 34.Qf2 Nd6 35.Qf4 Re7 36.Qxe5 Rxe5
37.Nb4 Nxf5 38.Nd3 Ng3 39.Nxe5 fxe5 40.Kd2  1-0

[Event "chT-POL"]
[Site "Zakopane chT"]
[Date "2000.09.08"]
[Round "6"]
[White "Zezulkin,J"]
[Black "Dydyshko,V"]
[Result "1/2-1/2"]
[WhiteElo "2529"]
[BlackElo "2525"]

1.e4 c5 2.Nf3 d6 3.d4 cxd4 4.Nxd4 Nf6 5.Nc3 a6 6.Be3 e6 7.Qd2 b5 8.f3 Nbd7
9.g4 Nb6 10.Qf2 Nfd7 11.f4 Bb7 12.f5 exf5 13.Nxf5 b4 14.Nb5 Nc8 15.Nbd4 Ne5
16.h3  1/2-1/2

[Event "chT-POL"]
[Site "Zakopane chT"]
[Date "2000.09.11"]
[Round "9"]
[White "Liwak,P"]
[Black "Kuczynski,R"]
[Result "0-1"]
[WhiteElo "2307"]
[BlackElo "2479"]

1.e4 c5 2.Nf3 d6 3.d4 cxd4 4.Nxd4 Nf6 5.Nc3 a6 6.Be3 e5 7.Nb3 Be7 8.f3 Be6
9.Qd2 O-O 10.O-O-O Nbd7 11.g4 Qc7 12.g5 Nh5 13.Kb1 b5 14.Nd5 Bxd5 15.exd5 Nb6
16.Bxb6 Qxb6 17.Bd3 b4 18.Rhg1 g6 19.Be4 a5 20.Nc1 Rfc8 21.Ne2 a4 22.h4 Bf8
23.Rdf1 Bg7 24.Ng3 Nxg3 25.Rxg3 Qa5 26.Rfg1 a3 27.b3 Rd8 28.Qc1 Rdc8 29.Rd1 Rc3
30.Rg2 Qd8 31.Ka1 Qc8 32.Qd2 Bf8 33.Re2 Be7 34.Rg2 Bd8 35.Re2 Bb6 36.Rg2 Re3
37.Qc1 Qd7  0-1

[Event "XVI ECC"]
[Site "Neum BIH"]
[Date "2000.09.25"]
[Round "2"]
[White "Bitansky,I"]
[Black "Boric,M"]
[Result "0-1"]
[WhiteElo "2359"]
[BlackElo "2398"]

1.e4 c5 2.Nf3 d6 3.d4 cxd4 4.Nxd4 Nf6 5.Nc3 a6 6.Be3 e5 7.Nb3 Be6 8.f3 h5
9.Be2 Nbd7 10.O-O b5 11.a4 b4 12.Nd5 Bxd5 13.exd5 Nb6 14.Bxb6 Qxb6+ 15.Kh1 Be7
16.a5 Qe3 17.Re1 Qg5 18.Ra4 h4 19.Rxb4 Nh5 20.Bf1 Qh6 21.Qd3 O-O 22.h3 Bg5
23.Kg1 Bf4 24.Rd1 Qg5 25.Nd2 Be3+ 26.Kh1 Ng3+ 27.Kh2 Bxd2 28.Rg4 Nxf1+ 29.Rxf1 Bf4+
30.Kh1 Qh5 31.Qa3 Qh6 32.c4 Rac8  0-1

[Event "Cup Rectora"]
[Site "Kharkov UKR"]
[Date "2000.10.03"]
[Round "3"]
[White "Kalugin,S"]
[Black "Popov,Val"]
[Result "1/2-1/2"]
[WhiteElo "2455"]
[BlackElo "2557"]

1.e4 c5 2.Nf3 d6 3.d4 Nf6 4.Nc3 cxd4 5.Nxd4 a6 6.Be3 e5 7.Nb3 Be6 8.Qd2 Nbd7
9.f3 h5 10.a4 Rc8 11.O-O-O Be7 12.Kb1 Qc7  1/2-1/2

[Event "EuYCh B16"]
[Site "Halkidiki GRE"]
[Date "2000.10.04"]
[Round "3"]
[White "Mladenov,Sv"]
[Black "Flumbort,A"]
[Result "1/2-1/2"]
[WhiteElo "2251"]
[BlackElo "2355"]

1.e4 c5 2.Nf3 d6 3.d4 cxd4 4.Nxd4 Nf6 5.Nc3 a6 6.Be3 Ng4 7.Bg5 h6 8.Bh4 g5
9.Bg3 Bg7 10.Be2 h5 11.Nf5 Bxf5 12.exf5 Qa5 13.O-O Bxc3 14.bxc3 Qxc3 15.Rb1 Nd7
16.Rxb7 Ngf6 17.Re1 Kf8 18.h3 h4 19.Bh2 Qc5 20.Bf3 Re8 21.Qd3 Qa5 22.Qe3 Qxf5
23.Bg4 Nxg4 24.hxg4 Qxg4 25.f3 Qf5 26.Bxd6 Rh6 27.Bxe7+ Kg8 28.Qd4 Re6 29.Rxe6 Qxe6  1/2-1/2

[Event "EuYCh B18"]
[Site "Halkidiki GRE"]
[Date "2000.10.04"]
[Round "3"]
[White "Sedlak,N"]
[Black "Jakubowski,K"]
[Result "0-1"]
[WhiteElo "2423"]
[BlackElo "2364"]

1.e4 c5 2.Nf3 d6 3.d4 cxd4 4.Nxd4 Nf6 5.Nc3 a6 6.Be3 e5 7.Nb3 Be6 8.f3 Be7
9.Qd2 h5 10.a4 Nbd7 11.a5 Rc8 12.Be2 h4 13.O-O h3 14.g3 Rxc3 15.Qxc3 d5 16.Qd3 Qc7
17.Rac1 dxe4 18.fxe4 O-O 19.c4 Rd8 20.Bf3 Ng4 21.Rfd1 Nc5 22.Qxd8+ Bxd8 23.Bxc5 Be7
24.Bb6 Qc6 25.Rc3 Nf6 26.Rdc1 Nd7 27.Be3 Nc5 28.Nd2 Na4 29.Rb3 Bc5 30.Kf2 Bxe3+
31.Rxe3 Nc5 32.Rec3 Na4 33.Rb3 g5 34.g4 Nc5 35.Rbc3 Qa4 36.Rb1 Qxa5 37.b4 Qd8
38.Ke2 Nd7 39.c5 Qf6 40.Rg1 Qf4 41.Rg3 Nf6 42.Rxh3 Nxg4 43.Rd3 Nxh2  0-1

[Event "EuYCh B14"]
[Site "Halkidiki GRE"]
[Date "2000.10.05"]
[Round "4"]
[White "Papp,Ga"]
[Black "Aksentijevic,M"]
[Result "1/2-1/2"]
[WhiteElo "2254"]
[BlackElo "2106"]

1.e4 c5 2.Nf3 d6 3.d4 cxd4 4.Nxd4 Nf6 5.Nc3 a6 6.Be3 Ng4 7.Bg5 h6 8.Bh4 g5
9.Bg3 Bg7 10.Qd2 Nc6 11.Nb3 Be6 12.O-O-O Rc8 13.Nd5 b5 14.f3 Nge5 15.Bf2 Ng6
16.Kb1 O-O 17.h4 gxh4 18.Bb6 Qd7 19.Be3 Bxd5 20.exd5 Nce5 21.Bxh6 Nc4 22.Bxc4 bxc4
23.Bxg7 cxb3 24.Bc3 bxc2+ 25.Qxc2 Rc4 26.Rd4 Rfc8 27.Rhd1 Qb5 28.Rxc4 Qxc4
29.Qd2 Qa4 30.Qd4 Qxd4 31.Rxd4 f5 32.Kc2 Kf7 33.b4 Rg8 34.Kb3 e5 35.dxe6+ Kxe6
36.a4 Ne7 37.Rxh4 Rxg2 38.Rh8 Rf2  1/2-1/2